00344 2200145 4500245005300000250001100053100002700064650001600091650001700107005001900124260001800143041001400161084001400175336000900189 aBehind The SilencecSubhi Ramadhan HuseinihText aCet. 1 aSubhi Ramadhan Huseini aKarya Siswa aAutobiografi a20250520094433 aJakartac2025 aIndonesia a081 SUB b atext